00434 a2200109 4500001001000000005001700010008004100027245007900068100002800147773013200175999001700307ART_3957820260410162012.0260409a 10aValidación e interpretación en la producción del conocimiento social1 aBonet, María Fernanda0 tDocumentos del CIECEgEnsayos sobre investigación del comportamiento de las organizaciones - Nº 5 (jul./dic. 2008)wREV39541 c32278d32278